Data communications and networking / (Record no. 615179)

000 -LEADER
fixed length control field 00679cam a22002174a 4500
020 ## - INTERNATIONAL STANDARD BOOK NUMBER
International Standard Book Number 9780073376226
Qualifying information alk. paper
082 00 - DEWEY DECIMAL CLASSIFICATION NUMBER
Classification number 004.6
Author Mark FOR
100 1# - MAIN ENTRY--PERSONAL NAME
Personal name Forouzan, Behrouz A.
245 10 - TITLE STATEMENT
Title Data communications and networking /
Statement of responsibility, etc. Behrouz A. Forouzan.
250 ## - EDITION STATEMENT
Edition statement 5th ed.
260 ## - PUBLICATION, DISTRIBUTION, ETC.
Place of publication, distribution, etc. New York, NY :
Name of publisher, distributor, etc. McGraw-Hill,
Date of publication, distribution, etc. c2013.
300 ## - PHYSICAL DESCRIPTION
Extent xxxvii, 1226 p. :
Other physical details ill. ;
Dimensions 24 cm.
563 ## - BINDING INFORMATION
Binding note HB
650 #0 - SUBJECT ADDED ENTRY--TOPICAL TERM
Topical term or geographic name entry element Data transmission systems.
650 #0 - SUBJECT ADDED ENTRY--TOPICAL TERM
Topical term or geographic name entry element Computer networks.
650 #0 - SUBJECT ADDED ENTRY--TOPICAL TERM
Topical term or geographic name entry element TCP/IP (Computer network protocol)
942 ## - ADDED ENTRY ELEMENTS (KOHA)
Source of classification or shelving scheme
Koha item type Book
650 #0 - SUBJECT ADDED ENTRY--TOPICAL TERM
-- 17977
650 #0 - SUBJECT ADDED ENTRY--TOPICAL TERM
-- 3677
650 #0 - SUBJECT ADDED ENTRY--TOPICAL TERM
-- 24824
Holdings
Withdrawn status Lost status Source of classification or shelving scheme Damaged status Not for loan Permanent Location Current Location Date acquired Total Checkouts Full call number Barcode Date last seen Price effective from Koha item type
          Central Library (CL) Central Library (CL) 10/15/2025   004.6 FOR LC-508 10/15/2025 10/15/2025 Book
© 2023 Central Library, National University of Sciences and Technology. All Rights Reserved.